|
|
|
|
| LEADER |
01922nam a2200337 a 4500 |
| 001 |
17791 |
| 003 |
BD-DhAAL |
| 008 |
100418r20061969ii a 001 0 eng d |
| 020 |
|
|
|a 0070605009
|
| 040 |
|
|
|a BD-DhAAL
|c BD-DhAAL
|
| 082 |
0 |
0 |
|a 516/.7
|2 22
|
| 100 |
1 |
|
|a Lipschutz, Martin M.
|9 57695
|
| 245 |
1 |
0 |
|a Schaum's outline of theory and problems of differential geometry /
|c Martin M. Lipschutz.
|
| 260 |
|
|
|a New Delhi :
|b Tata McGraw-Hill Publishing Company Ltd.,
|c c1969 [reprinted 2006].
|
| 300 |
|
|
|a iv, 269 p. :
|b ill. ;
|c 28 cm
|
| 490 |
0 |
|
|a Schaum's outline series
|
| 500 |
|
|
|a Spine title: Differential geometry.
|
| 500 |
|
|
|a Includes index.
|
| 500 |
|
|
|a Cover title: Theory and problems of differential geometry.
|
| 526 |
|
|
|a MNS
|x Fardousi Ara Begum
Faculty Member of BRAC University
Course Name : Differential Geometry (MAT 313)
|
| 541 |
1 |
|
|e 17791, 17792
|a Paragon Enterprises LTD.
|
| 650 |
|
0 |
|a Geometry, Differential
|x Problems, exercises etc.
|9 57696
|
| 740 |
0 |
|
|a Differential geometry.
|
| 740 |
0 |
|
|a Theory and problems of differential geometry.
|
| 740 |
0 |
|
|a Outline theory and problems of differential geometry.
|
| 830 |
|
|
|a Schaum's outline series
|
| 852 |
4 |
|
|a Ayesha Abed Library
|c General Stacks
|
| 942 |
|
|
|2 ddc
|c BK
|
| 999 |
|
|
|c 8124
|d 8124
|
| 952 |
|
|
|0 0
|1 0
|2 ddc
|4 0
|6 516_700000000000000_LIP
|7 0
|9 9274
|a BRACUL
|b BRACUL
|c GEN
|d 2010-04-18
|e Paragon Enterprises LTD
|g 410.00
|l 7
|m 34
|o 516.7 LIP
|p 3010017792
|r 2023-08-13
|s 2023-05-28
|t 1
|w 2010-04-18
|y BK
|x Requisitioned by Ferdousi Ara Begum (Faculty Member of BRAC University) for the course named-"Differential Geometry (MAT 313)".
|
| 952 |
|
|
|0 0
|1 0
|2 ddc
|4 0
|6 516_000000000000000__7_LIP
|7 0
|9 14294
|a BRACUL
|b BRACUL
|c GEN
|d 2011-02-01
|e Paragon Enterprises LTD
|g 410.00
|l 8
|m 33
|o 516.7 LIP
|p 3010017791
|r 2024-12-15
|s 2024-12-06
|t 1
|w 2011-02-01
|y BK
|x Requisitioned by Ferdousi Ara Begum (Faculty Member of BRAC University) for the course named-"Differential Geometry (MAT 313)".
|